|
|
|
|
| LEADER |
00670nam a2200253 a 4500 |
| 001 |
adlib96000001 |
| 003 |
ViArRB |
| 005 |
20151026131430.0 |
| 008 |
960221s1955 dcuabcdjdbkoqu001 0deng d |
| 020 |
|
|
|
| 022 |
|
|
|
| 040 |
|
|
|a Adlib
|
| 082 |
|
|
|a 331.022.3
|
| 245 |
|
|
|a Career satisfaction and success: a guide to job freedom
|
| 250 |
|
|
|
| 260 |
|
|
|a New York
|b American Management Association
|c 1974
|
| 300 |
|
|
|a 194p.
|
| 500 |
|
|
|a
|
| 100 |
|
|
|a Haldane, Bernard
|
| 700 |
|
|
|
| 942 |
|
|
|c BK
|6 _
|
| 653 |
|
|
|a Job freedom
|
| 999 |
|
|
|c 27858
|d 27858
|
| 952 |
|
|
|0 0
|1 0
|4 0
|6 3310223_HAL
|7 0
|9 39474
|a UL
|b UL
|d 2010-06-16
|o 331.022.3 HAL
|p 00001964
|r 2010-06-16
|w 2010-06-16
|y BK
|